期刊信息 |
| 索取号 |
D50/SGSH
|
| 题名 |
三个世界与各国政治概况
|
| 作者 |
本刊编辑部编
|
| 分册号 |
|
| 分册名 |
|
| 出版地 |
北京
|
| 出版者 |
|
| 标准刊号 |
|
| 出版频率 |
月刊
|
| 中图法分类 |
D50
|
| 主题词 |
国际政治
|
| 电子资源 | |
| |
|
| 000 | 00510nas0 2200181 45 | |
| 001 | 0732886687 | |
| 005 | 20070422091111.42 | |
| 100 | @a20070422d km y0chiy0120 ea | |
| 101 | 0 | @achi |
| 102 | @aCN@b110000 | |
| 200 | 1 | @a三个世界与各国政治概况@ASan Ge Shi Jie Yu Ge Guo Zheng Zhi Gai Kuang@f本刊编辑部编@FBen Kan Bian Ji Bu Bian |
| 210 | @a北京 | |
| 326 | @a月刊 | |
| 606 | 0 | @a国际政治 |
| 690 | @aD50@v4 | |
| 711 | 02 | @a本刊编辑部@ABen Kan Bian Ji Bu@4编 |
| 801 | 0 | @aCN@bPFT@c20070422 |
| 905 | @aTJWY@dD50@eSGSH | |
| 三个世界与各国政治概况/本刊编辑部编.-北京 |
| ● |
| 相关链接: |
|
|
|
|